000 00375nam a2200145Ia 4500
008 230312s9999||||xx |||||||||||||| ||und||
020 _a9780470509579
082 _a006.76
_bSHR-J
100 _aDonnelly,Peter
245 0 _aHow to succeed at e-learning
260 _bWiley
_aUSA
_c2010
300 _a768
650 _aComputer
_vElectronic Book Electronic books
942 _cBK
999 _c17755
_d17755